A carregar...

Administration journal

Detalhes bibliográficos
Publicado em: Islamabad Public administration research centre
LEADER 00281nam a22000857a 4500
245 |a Administration journal 
260 |a Islamabad  |b Public administration research centre 
942 |c BV 
999 |c 103308  |d 103308 
952 |0 0  |1 0  |4 0  |7 0  |9 97858  |a SSS  |b SSS  |c BV  |d 2016-02-24  |l 0  |p SSSJ0906  |r 2016-02-24  |w 2016-02-24  |y BV